000
00213nam a22001097a 4500
999
_c
65328
_d
65325
082
_a
291.954ODD
100
_a
ODDIE
245
_a
Religion in South Asia
260
_a
Manohar
_c
1991
300
_a
272p
942
_c
BK